ბათუმის შოთა რუსთაველის სახელმწიფო უნივერსიტეტის ბიბლიოთეკა

Кибернетика и педагогика. Новые тенденции в подходов к обучению инженерных кадров в США: (ბიბ.ჩანაწერი № 39054)

000 -LEADER
fixed length control field 00665nam a2200181Ia 4500
001 - CONTROL NUMBER
control field 5581
003 - CONTROL NUMBER IDENTIFIER
control field GE_BSU
008 - FIXED-LENGTH DATA ELEMENTS--GENERAL INFORMATION
fixed length control field 181216s||||||||xx |||||||||||||| ||und||
040 ## - CATALOGING SOURCE
Transcribing agency GE_BSU
080 ## - UNIVERSAL DECIMAL CLASSIFICATION NUMBER
Universal Decimal Classification number 378
100 ## - MAIN ENTRY--PERSONAL NAME
Personal name Под ред. Дж Уиннери пер. с англ. Предисал Г.А. Ильной
245 ## - TITLE STATEMENT
Title Кибернетика и педагогика. Новые тенденции в подходов к обучению инженерных кадров в США:
260 ## - PUBLICATION, DISTRIBUTION, ETC.
Place of publication, distribution, etc. Мир
260 ## - PUBLICATION, DISTRIBUTION, ETC.
Name of publisher, distributor, etc. 1972.
300 ## - PHYSICAL DESCRIPTION
Extent 190 с.26 см.
653 ## - INDEX TERM--UNCONTROLLED
Uncontrolled term Кибернетика и педагогика. Новые тенденции
942 ## - ADDED ENTRY ELEMENTS (KOHA)
Koha item type წიგნი
ეგზემპლარები
Withdrawn status Lost status Damaged status Not for loan Date acquired Barcode Date last seen Price effective from Koha item type
        2018-12-17 16280 2018-12-17 2018-12-17 წიგნი